01659cam a2200265 450000500170000000800410001702000150005805000200007324000160009324502250010926000860033430000190042049000980043950501570053765000370069465100610073170000620079270000440085470000430089894200130094199900170095495201400097195201400111195201420125120220822140949.0 1956 spa  a840003735904aF1412bE86 195600aLeyes, etc.00aCedulario americano del siglo XVIII : bColección de disposiciones legales indianas desde 1680-1800 contenidas en los Cedularios del Archivo General de Indias c/ edicion, estudio y comentarios por Antonio Muro Orejon. aSevilla, España : bEscuela de Estudios Hispano-Americanos de Sevilla, c1956.  a3 t. ;c25 cm. aPublicaciones de la Escuela de Estudios Hispano-Americanos de la Universidad de Sevilla ;v99 aContenido: T.1. Cedulas de Carlos II (1679-1700) -- T.2. Cedulas de Felipe V (1700-1724) -- T.3. Cedulas de Luis I (1724) : Cedula de Felipe V (1724-46) 72Lemb aLeyesxColoniaszEspaña 72Lemb aEspaña xColonias xAdministraciónzAmérica1 aMuro Orejon, Antonio, eedición, estudio y comentarios.1 aLlavador Mira, Antonio, ecolaborador. 1 aMuro Romero, Fernando, ecolaborador.  2lcccLIB c62484d62484 102lcc4070aINV-033bINV-033cGENERALd2018-05-30f1a ed.kCSAoF1412 E86 1956 T.IpIIH000022084r2018-05-30 00:00:00tC:1v1.00yLIB 102lcc4070aINV-033bINV-033cGENERALd2018-05-30f1a ed.kCSAoF1412 E86 1969T.IIpIIH000022085r2018-05-30 00:00:00tC:1v1.00yLIB 102lcc4070aINV-033bINV-033cGENERALd2018-05-30f1a ed.kCSAoF1412 E86 1977 T.IIIpIIH000022086r2018-05-30 00:00:00tC:1v1.00yLIB